000 00836nas a2200265 4500
001 BR9605455
003 BR-BrBNA
005 20231205095408.0
007 ta
008 230509b bl.|||p| |||| 00| 00por d
040 _aBR-BrBNA
_bpor
_cBiblioteca Nacional de Agricultura
041 _a(Pt)
072 _aH20
100 1 _aFigueiredo, M.B.
100 1 _aCarvalho Junior, A.A. de
245 1 _aPresenca de auto-inibidor nos teliosporos telioides de Puccinia pampeana e o seu papel na sobrevivencia da especie
650 _aPimenta
650 _aPimentao
650 _aFerrugem
650 _aTeliosporo
650 _aInibidor de Germinacao
773 0 _tSumma Phytopathologica (Brazil)
_xISSN 0100-5405
_g(Jul-Dec 1995), v. 21(3-4) p. 229-234
_wBR9605455
909 _a202311
_bLúcia
_c55
_dLúcia Elande
942 _2AGRIS
_n0
_cANA
999 _c150416
_d150416